Top 10 fast-food les plus présents en France - Statistiques

Statistiques générales
  • Ce quiz a été pris 1 644 fois
  • Le résultat moyen est 5 sur 10
Statistiques - réponses
Hint Réponse % Correct
500 Burger King
95%
360 KFC
85%
135 Quick
79%
270 O'Tacos
61%
1500 Mac Donald's
60%
375 Subway
42%
270 Pizza Hut
28%
480 Domino's Pizza
26%
30 Five Guys
17%
60 BCHEF
1%
Aucun quiz correspondant
Distribution des résultats
% des personnes avec chaque résultat
Percentile par nombre de réponses
Votre historique - résultats
Vous n’avez pas pris ce quiz